Die berühmtesten 10 Magier der Welt - Statistiken

Allgemein
  • Dieses Quiz wurde 26 mal gespielt
  • Das Durchschnittsergebnis liegt bei 3 aus 10
Antwortstatistiken
Hint Antwort % Korrekt
Berühmter Entfesslungkünstler Harry Houdini
82%
Hat die Freiheitsstatue verschwinden lassen David Copperfield
59%
Spektakuläre Show mit weissem Tiger Siegfried und Roy
59%
Eines der erfolgreichsten Magierduos Ehrlich Brothers
45%
Bekannt durch seine TV-Show „Mindfreak“ Chris Angel
27%
Bekannt durch das Format „Fool Us“ Penn and Teller
23%
Erreichte Ruhm durch gefährliche TV-Stunts David Blaine
18%
Wird auch der „Professor“ genannt Dai Vernon
9%
Der beste Mentalist Derren Brown
9%
Berühmt durch Streetmagic Dynamo
9%
Keine übereinstimmenden Quizze gefunden
Verteilung der Resultate
Anzahl Personen mit jedem Resultat
Perzentil nach korrekt beantworteten Fragen
Ihre Resultats-Entwicklung
Sie haben dieses Quiz noch nicht gespielt